000 00423nam a22001937a 4500
003 OSt
005 20210908162335.0
008 210908b |||||||| |||| 00| 0 eng d
020 _aISBN 0072864850
040 _cHU
050 _a1
082 _26th/ed
_a579/PRE
100 _aPRESCOTT
_92455
245 _aMICROBIOLOGY
250 _a1
260 _aTORONTO
_bMcGARW HILL
_c2005
300 _a417
942 _2ddc
_cBOOKS
_n0
999 _c2764
_d2764